000 01071nas a2200289 i 4500
001 189184
003 ES-MaACL
005 20250217134929.0
008 190423d19982007sp a| | ||pa d
022 _a1139-5362
080 _a908.460.27
080 _a946.027
245 0 0 _aMadrid
_b: revista de arte, geografía e historia.
260 _aMadrid :
_bComunidad de Madrid, Consejería de Educación y Cultura,
_cD.L. 1998-2007.
300 _a9 v. :
_bil. ;
_c24 cm.
310 _aAnual
362 0 _aN. 1 (1998) -n. 9 (2007)
651 4 _aMadrid (Comunidad Autónoma)-
_xDescripción.
_98996
651 4 _aMadrid (Comunidad Autónoma)-
_xHistoria.
_98997
655 7 _2tgfbne
_9226866
_aRevistas
852 _aES-MaACL
_jHem-1720
856 _uhttps://dialnet.unirioja.es/servlet/revista?codigo=1585
_zSumarios de la revista en Dialnet
856 _uhttps://gestiona3.madrid.org/bvirtual/BVCM000802.pdf
_yAcceso electrónico
_zBiblioteca Virtual de la Comunidad de Madrid
866 0 _o1998-2007
942 _2udc
999 _c189184
_d189184